TOUS les jeux vidéos Star Wars existants - Statistiques

Statistiques générales
  • Ce quiz a été pris 6 fois
  • Le résultat moyen est 9 sur 147
Statistiques - réponses
Année de sortie Plateforme(s) Jeu % Correct
1978 Apple II Starwars
100%
1983 Borne d'arcade, Ordinateur Star Wars
100%
1987 NES/Famicom Star Wars
100%
1991 NES, Game Boy, Master System, Game Gear Star Wars
100%
2019 Ordinateur, Playstation 4, Xbox One Star Wars Jedi: Fallen Order
60%
2023 Ordinateur, Playstation 4, Playstation 5, Xbox One Star Wars Jedi: Survivor
60%
2004 Ordinateur, Playstation 2, Xbox Star Wars: Battlefront
40%
2015 Ordinateur, Playstation 4, Xbox One Star Wars Battlefront
40%
2007 PC, Playstation 3, Wii, Xbox 360, Nintendo 360 Lego Star Wars : La Saga complète
20%
2013 Ordinateur, Playstation 3, Wii, Xbox 360, Nintendo DS Lego Star Wars : La Saga complète
20%
2022 Ordinateur, Xbox One, Playstation 4, Playstation 5, Nintendo Switch Lego Star Wars : La Saga Skywalker
20%
2005 Playstation 2, Xbox, PSP Star Wars: Battlefront II
20%
2017 Ordinateur, Playstation 4, Xbox One Star Wars Battlefront II
20%
2006 Ordinateur Star Wars: Empire at War
20%
2005 Playstation 2, Xbox, Game Boy Advance, Nintendo DS Star Wars, épisode III : La Revanche des Sith
20%
2002 Game Boy Advance Star Wars, épisode II : L'Attaque des clones
20%
1999 Ordinateur, Playstation Star Wars, épisode I : La Menace fantôme
20%
2003 Xbox, Ordinateur Star Wars: Knights of the Old Republic
20%
2013 Ordinateur Star Wars: Knights of the Old Republic
20%
2008 Playstation 2, Playstation 3, Wii, Xbox 360, Nintendo DS, PSP, Ordinateur Star Wars : Le Pouvoir de la Force
20%
2010 Playstation 3, Xbox 360, Ordinateur, Wii, Nintendo DS Star Wars : Le Pouvoir de la Force II
20%
2008 Téléphone Star Wars: The Force Unleashed
20%
2012 Xbox 360 Kinect Star Wars
0%
2016 Téléphone Lego Star Wars: Force Builder
0%
2011 Ordinateur, Playstation 3, Xbox 360, Wii, Nintendo DS, Nintendo 3DS, PSP Lego Star Wars III: The Clone Wars
0%
2006 Game Cube, Playstation 2, PSP, Xbox, Xbox 360, Game Boy Advance, Nintendo DS Lego Star Wars II : La Trilogie originale
0%
2005 Ordinateur, Game Cube, Game Boy Advance, Playstation 2, Xbox Lego Star Wars, le jeu vidéo
0%
2016 Xbox 360, Xbox One, Playstation 3, Playstation 4, PS Vita, Wii U, Nintendo 3DS, Ordinateur Lego Star Wars : Le Réveil de la Force
0%
2016 Ordinateur, Xbox 360, Xbox One, Playstation 3, Playstation 4, Wii U,PS Vita,Nintendo 3DS Lego Star Wars : Le Réveil de la Force
0%
2014 Téléphone Lego Star Wars: Microfighters
0%
2014 Téléphone Lego Star Wars: The New Yoda Chronicles
0%
2013 Téléphone Lego Star Wars: The Yoda Chronicles
0%
1997 Ordinateur Monopoly Star Wars
0%
1984 Borne d'arcade, Ordinateur Return of the Jedi
0%
1998 Ordinateur, Nintendo 64 Rogue Squadron
0%
2003 Gamecube Rogue Squadron III - Rebel Strike
0%
2001 Gamecube Rogue Squadron II - Rogue Leader
0%
2000 Ordinateur Star Wars: Anakin's Speedway
0%
1993 Borne d'arcade, 32X Star Wars Arcade
0%
2010 Téléphone Star Wars Arcade: Falcon Gunner
0%
2005 Téléphone Star Wars: Ask Yoda
0%
2014 Téléphone Star Wars: Assault Team
0%
2005 Téléphone Star Wars: Battle Above Coruscant
0%
2010 Téléphone Star Wars: Battle for Hoth
0%
2000 Nintendo 64, Ordinateur Star Wars: Battle for Naboo
0%
2009 PSP, Nintendo DS Star Wars: Battlefront - Elite Squadron
0%
2005 Téléphone Star Wars: Battlefront Mobile
0%
2005 Téléphone Star Wars: Battlefront Mobile
0%
2009 Téléphone Star Wars Battlefront: Mobile Squadrons
0%
2009 Téléphone Star Wars Battlefront: Mobile Squadrons
0%
2007 PSP Star Wars: Battlefront - Renegade Squadron
0%
2014 Borne d'arcade Star Wars: Battle Pod
0%
2002 Playstation 2, Game Cube Star Wars: Bounty Hunter
0%
2010 Téléphone Star Wars: Cantina
0%
1993 Ordinateur, Méga CD Star Wars Chess
0%
2014 Téléphone, Ordinateur Star Wars: Commander
0%
1995 Ordinateur, Playstation Star Wars: Dark Forces
0%
2000 Dreamcast, Playstation Star Wars: Demolition
0%
1999 Ordinateur Star Wars : Droides mécanos
0%
1988 Ordinateur Star Wars: Droids
0%
1998 Ordinateur Star Wars: Droid Works
0%
1979 Borne d'arcade Star Wars Electronic Battle Command
0%
2005 Téléphone Star Wars Episode III: Revenge of the Sith
0%
2000 Dreamcast, Playstation, Game Boy Advance Star Wars Episode I: Jedi Power Battles
0%
1999 Ordinateur Star Wars Episode I : Le Nouveau Monde Gungan
0%
2000 Game Boy Color Star Wars Episode I: Obi-Wan's Adventures
0%
1999 Ordinateur, Nintendo 64, Dreamcast, Game Boy Color Star Wars Episode I: Racer
0%
2003 Game Boy Advance Star Wars: Flight of the Falcon
0%
2016 Téléphone Star Wars: Force Arena
0%
2013 Téléphone Star Wars: Force Collection
0%
2000 Ordinateur Star Wars: Force Commander
0%
2001 Ordinateur Star Wars: Galactic Battlegrounds
0%
2014 Téléphone Star Wars: Galactic Defense
0%
2003 Ordinateur Star Wars Galaxies
0%
2008 Ordinateur Star Wars Galaxies: Trading Card Games - Champions of the Force
0%
2005 Téléphone Star Wars: Grievous Getaway
0%
2015 Téléphone Star Wars: Heroes Path
0%
2010 Téléphone Star Wars: Imperial Academy
0%
2006 Téléphone Star Wars: Imperial Ace
0%
2015 Téléphone Star Wars : Insurrection
0%
1983 Atari 2600 Star Wars: Jedi Arena
0%
2005 Téléphone Star Wars: Jedi Arena
0%
2017 Téléphone Star Wars: Jedi Challenges
0%
1997 Ordinateur Star Wars Jedi Knight: Dark Forces II
0%
2002 Ordinateur, Xbox, Gamecube Star Wars Jedi Knight II: Jedi Outcast
0%
2003 Ordinateur, Xbox Star Wars Jedi Knight: Jedi Academy
0%
2009 Téléphone Star Wars: Jedi Mind Tricks
0%
2002 Playstation 2, Xbox Star Wars: Jedi Starfighter
0%
2014 Téléphone Star Wars Journeys: Beginnings
0%
2014 Téléphone Star Wars Journeys: The Phantom Menace
0%
2004 Xbox, Ordinateur Star Wars: Knights of the Old Republic II - The Sith Lords
0%
2015 Téléphone Star Wars : Les Héros de la galaxie
0%
2006 PSP, Nintendo DS Star Wars: Lethal Alliance
0%
2005 Téléphone Star Wars: Lightsaber Combat
0%
1997 Playstation Star Wars: Masters of Teräs Käsi
0%
1998 Ordinateur Star Wars Millennium Falcon CD-ROM Playset
0%
2001 Xbox Star Wars: Obi-Wan
0%
2013 Ordinateur, Téléphone, Playstation 3, Playstation 4, PS Vita, Wii U, Xbox One, Nintendo 3DS Star Wars Pinball
0%
2013 Ordinateur, Téléphone, Playstation 3, Playstation 4, PS Vita, Wii U, Xbox One, Nintendo 3DS Star Wars Pinball: Balance of the Force
0%
2014 Ordinateur, Téléphone, Playstation 3, Playstation 4, PS Vita, Wii U, Xbox One, Nintendo 3DS Star Wars Pinball: Heroes Within
0%
2017 Ordinateur, Playstation 3, Xbox 360, PS Vita, Playstation 4, Xbox One Star Wars Pinball: Rogue One
0%
2018 Ordinateur, PS4, Xbox One Star Wars Pinball: Solo Pack
0%
2015 Ordinateur, Téléphone, Playstation 3, Playstation 4, PS Vita, Wii U, Xbox One, Nintendo 3DS Star Wars Pinball: Star Wars Rebels
0%
2016 Ordinateur, Téléphone, Playstation 3, Playstation 4, PS Vita, Wii U, Xbox One, Nintendo 3DS Star Wars Pinball: The Force Awakens
0%
2018 Ordinateur, Playstation 3, Xbox 360, PS Vita, Playstation 4, Xbox One Star Wars Pinball: The Last Jedi
0%
2005 Téléphone Star Wars: Puzzle Blaster
0%
2017 Téléphone Star Wars: Puzzle Droids
0%
2000 Borne d'arcade Star Wars: Racer Arcade
0%
2002 Playstation 2 Star Wars: Racer Revenge
0%
1993 3D0, Méga CD, Ordinateur Star Wars: Rebel Assault
0%
1995 Ordinateur, Playstation Star Wars: Rebel Assault II - The Hidden Empire
0%
1998 Ordinateur Star Wars: Rebellion
0%
2015 Téléphone Star Wars Rebels: Recon Missions
0%
2005 Xbox, PC Star Wars: Republic Commando
0%
2005 Téléphone Star Wars Republic: Commando - Order 66
0%
1984 Atari 2600, Atari 5200, Ordinateur Star Wars: Return of the Jedi - Death Star Battle
0%
2001 Playstation 2,Xbox, Ordinateur Star Wars: Starfighter
0%
2001 Playstation 2 Star Wars: Super Bombad Racing
0%
1984 Atari 2600, Atari 5200, Atari 8-bits, Ordinateur Star Wars: The Arcade Game
0%
2002 Gamecube, Playstation 2, Xbox Star Wars: The Clone Wars
0%
2008 Wii Star Wars: The Clone Wars - Duels au sabre laser
0%
2008 Nintendo DS Star Wars: The Clone Wars - L'Alliance Jedi
0%
2009 Ordinateur, Playstation 2, Playstation 3, Xbox 360, Wii, PSP, Nintendo DS Star Wars: The Clone Wars - Les Héros de la République
0%
1992 NES, Game Boy Star Wars: The Empire Strikes Back
0%
2007 Téléphone Star Wars: The Empire Strikes Back
0%
2002 Game Boy Advance Star Wars: The New Droid Army
0%
2011 Ordinateur Star Wars: The Old Republic
0%
1994 Ordinateur Star Wars: TIE Fighter
0%
1994 Ordinateur Star Wars: TIE Fighter - Defender of the Empire
0%
1994 Ordinateur Star Wars: TIE Fighter - Enemies of the Empire
0%
2013 Téléphone, Ordinateur Star Wars: Tiny Death Star
0%
2009 Téléphone Star Wars: Trench Run
0%
2004 Game Boy Advance Star Wars Trilogy: Apprentice of the Force
0%
1999 Borne d'arcade Star Wars Trilogy: Arcade
0%
2005 Téléphone Star Wars: Trivia
0%
1993 Ordinateur Star Wars: X-Wing
0%
1999 Borne d'arcade Star Wars: X-Wing Alliance
0%
1993 Ordinateur Star Wars: X-Wing - B-Wing
0%
1993 Ordinateur Star Wars X-Wing: Tour of Duty - Imperial Pursuit
0%
1997 Ordinateur Star Wars: X-Wing vs. TIE Fighter
0%
1997 Ordinateur, Game Boy Color Star Wars: Yoda Stories
0%
1992 Super Nintendo Super Star Wars
0%
1994 Super Nintendo, Game Boy, Game Gear Super Star Wars: Return of the Jedi
0%
1993 Super Nintendo Super Star Wars: The Empire Strikes Back
0%
1982 Atari 2600, Intellivision The Empire Strikes Back
0%
1985 Borne d'arcade, Ordinateur The Empire Strikes Back
0%
1993 Super Nintendo The Empire Strikes Back
0%
Aucun quiz correspondant
Distribution des résultats
% des personnes avec chaque résultat
Percentile par nombre de réponses
Votre historique - résultats
Vous n’avez pas pris ce quiz